Thierry Dodin & Heinz Rätner, eds, Recent Research on Ladakh 7. Proceedings of the 7th Colloquium of the International Association for Ladakh Studies held in Bonn/Sankt Augustin, 12-15 June1995. Bonn, Universität Bonn, Seminar für Sprach- und Kulturwissenschaft, Zentralasiens, 1997, xv + 496 p., fig., cartes (« UKAS. Ulmer Kulturanthropologische Schriften » 9) (notice n° 1643260)
[ vue normale ]
| 000 -LEADER | |
|---|---|
| fixed length control field | 00783cam a2200145 4500500 |
| 005 - DATE AND TIME OF LATEST TRANSACTION | |
| control field | 20260201163522.0 |
| 041 ## - LANGUAGE CODE | |
| Language code of text/sound track or separate title | fre |
| 042 ## - AUTHENTICATION CODE | |
| Authentication code | dc |
| 100 10 - MAIN ENTRY--PERSONAL NAME | |
| Personal name | Kaplanian, Patrick |
| Relator term | author |
| 245 00 - TITLE STATEMENT | |
| Title | Thierry Dodin & Heinz Rätner, eds, Recent Research on Ladakh 7. Proceedings of the 7th Colloquium of the International Association for Ladakh Studies held in Bonn/Sankt Augustin, 12-15 June1995. Bonn, Universität Bonn, Seminar für Sprach- und Kulturwissenschaft, Zentralasiens, 1997, xv + 496 p., fig., cartes (« UKAS. Ulmer Kulturanthropologische Schriften » 9) |
| 260 ## - PUBLICATION, DISTRIBUTION, ETC. | |
| Date of publication, distribution, etc. | 2002.<br/> |
| 500 ## - GENERAL NOTE | |
| General note | 54 |
| 786 0# - DATA SOURCE ENTRY | |
| Note | L'Homme | 164 | 4 | 2002-10-01 | p. 155h-205h | 0439-4216 |
| 856 41 - ELECTRONIC LOCATION AND ACCESS | |
| Uniform Resource Identifier | <a href="https://shs.cairn.info/revue-l-homme-2002-4-page-155h?lang=fr&redirect-ssocas=7080">https://shs.cairn.info/revue-l-homme-2002-4-page-155h?lang=fr&redirect-ssocas=7080</a> |
Pas d'exemplaire disponible.




Réseaux sociaux